|
|
|
|
| LEADER |
00624nta a2200169 i 4500 |
| 001 |
dipl73812 |
| 005 |
20190930084027.0 |
| 008 |
190923s2018 hu om 0|| zxx d |
| 040 |
|
|
|a SZTE Diploma Repozitórium
|b hun
|
| 041 |
|
|
|a zxx
|
| 100 |
1 |
|
|a Vadász Viktória
|
| 245 |
1 |
0 |
|a Mesterséges neurális hálók
|h [elektronikus dokumentum] /
|c Viktória Vadász
|
| 246 |
1 |
0 |
|a Artificial neural networks
|h [elektronikus dokumentum]
|
| 260 |
|
|
|c 2018
|
| 650 |
|
4 |
|a Természettudományok
|
| 700 |
1 |
|
|a Szűcs Gábor
|e ths
|
| 856 |
4 |
0 |
|u http://diploma.bibl.u-szeged.hu/id/eprint/73812/1/2018_Vad%C3%A1sz_Vikt%C3%B3ria_YZTWX4_SZ.pdf
|z Dokumentum-elérés
|